000 00954nam a2200253Ia 4500
003 OSt
005 20220923212553.0
006 a|||||r|||| 00| 0
007 ta
008 220922b |||||||| |||| 00| 0 hin d
024 _a154,109
037 _cTextual
040 _aARTS
_cARTS
_bhin
041 _2hin
_ahin
082 _aO152v243, K2.1
100 _aबाली, चंद्रकांत
_9156270
245 0 _aपंजाब प्रातीय हिन्दी साहित्य का इतिहास प्रथम खण्ड
246 _aPanjāb prātīya hindī sāhitya kā itihās pratham khaṇḍa
260 _aदिल्ली
_b नेशनल पब्लि हाउस
_c1962
300 _a432 पृ.
_ccm.
650 _aहिन्दी साहित्य
_9156264
942 _hO152v243, K2.1
_cTEXL
_2CC
999 _c309737
_d309737